[Event "GER MS-261 email"]
[Site "GER email"]
[Date "2017.04.20"]
[Round "?"]
[White "Wuttke, Johannes"]
[Black "Berg, Juergen"]
[Result "0-1"]
[WhiteElo "1848"]
[BlackElo "2027"]
[PlyCount "26"]
[EventDate "2017.04.25"]
[EventType "tourn (corr)"]
[EventRounds "6"]
[EventCountry "GER"]
[SourceTitle "Corr 2020"]
[Source "ChessBase"]
[SourceDate "2019.09.30"]
[SourceVersion "1"]
[SourceVersionDate "2019.09.30"]
[SourceQuality "1"]

1. Nf3 Nf6 2. d4 d5 3. c4 e6 4. Nc3 Bb4 5. Bg5 h6 6. Bxf6 Qxf6 7. e3 c5 8. Qb3 0-0 9. dxc5 Bxc3+ 10. Qxc3 Qxc3+ 11. bxc3 dxc4 12. Bxc4 Nd7 13. c6 bxc6 0-1

[Event "GER MS-261 email"]
[Site "GER email"]
[Date "2017.04.20"]
[Round "?"]
[White "Wuttke, Johannes"]
[Black "Milde, Lars"]
[Result "0-1"]
[WhiteElo "1848"]
[BlackElo "2060"]
[PlyCount "26"]
[EventDate "2017.04.25"]
[EventType "tourn (corr)"]
[EventRounds "6"]
[EventCountry "GER"]
[SourceTitle "Corr 2020"]
[Source "ChessBase"]
[SourceDate "2019.09.30"]
[SourceVersion "1"]
[SourceVersionDate "2019.09.30"]
[SourceQuality "1"]

1. Nf3 d5 2. d4 Nf6 3. c4 dxc4 4. e3 Bg4 5. Bxc4 e6 6. Qb3 Bxf3 7. gxf3 c5 8. Qxb7 Nbd7 9. Nc3 cxd4 10. exd4 Bd6 11. Qa6 Bb4 12. Rg1 0-0 13. Bh6 Ne8 0-1

[Event "GER MS-254 email"]
[Site "GER email"]
[Date "2017.01.14"]
[Round "?"]
[White "Wuttke, Johannes"]
[Black "Richter, Marko"]
[Result "0-1"]
[WhiteElo "1921"]
[BlackElo "2037"]
[PlyCount "50"]
[EventDate "2017.01.20"]
[EventType "tourn (corr)"]
[EventRounds "6"]
[EventCountry "GER"]
[SourceTitle "Corr 2020"]
[Source "ChessBase"]
[SourceDate "2019.09.30"]
[SourceVersion "1"]
[SourceVersionDate "2019.09.30"]
[SourceQuality "1"]

1. Nf3 Nc6 2. e4 e5 3. Bb5 a6 4. Bxc6 dxc6 5. 0-0 f6 6. d4 exd4 7. Nxd4 c5 8. Nb3 Qxd1 9. Rxd1 Bg4 10. f3 Be6 11. Nc3 Bd6 12. Be3 b6 13. a4 a5 14. Nb5 0-0-0 15. Rd2 Be7 16. Bf4 Rxd2 17. Nxd2 Bd8 18. Nf1 Ne7 19. Rd1 Rf8 20. Na7+ Kb7 21. Nb5 f5 22. Be5 fxe4 23. fxe4 Bg4 24. Rd2 Nc6 25. Bxg7 Re8 0-1

[Event "GER MS-254 email"]
[Site "GER email"]
[Date "2017.01.14"]
[Round "?"]
[White "Wuttke, Johannes"]
[Black "Wittenberg, Gerd"]
[Result "0-1"]
[WhiteElo "1921"]
[BlackElo "1865"]
[PlyCount "49"]
[EventDate "2017.01.20"]
[EventType "tourn (corr)"]
[EventRounds "6"]
[EventCountry "GER"]
[SourceTitle "Corr 2020"]
[Source "ChessBase"]
[SourceDate "2019.09.30"]
[SourceVersion "1"]
[SourceVersionDate "2019.09.30"]
[SourceQuality "1"]

1. Nf3 d5 2. d4 Bf5 3. c4 e6 4. cxd5 exd5 5. g3 Nf6 6. Bg2 Bd6 7. Nc3 c6 8. 0-0 0-0 9. Nh4 Be6 10. Bg5 Na6 11. Qb3 Rb8 12. Rad1 Re8 13. f4 h6 14. Bxf6 Qxf6 15. f5 Bxf5 16. Nxf5 Bf8 17. Nxd5 Qg6 18. Nc3 Nc7 19. e3 a6 20. d5 cxd5 21. Nxd5 Ne6 22. Nh4 Qg4 23. Rxf7 Kxf7 24. Nf4 Bc5 25. Rd7+ 0-1

[Event "GER MS-242 email"]
[Site "GER email"]
[Date "2016.06.27"]
[Round "?"]
[White "Berg, Juergen"]
[Black "Wuttke, Johannes"]
[Result "1-0"]
[WhiteElo "2000"]
[BlackElo "1937"]
[PlyCount "87"]
[EventDate "2016.07.04"]
[EventType "tourn (corr)"]
[EventRounds "6"]
[EventCountry "GER"]
[SourceTitle "Corr 2020"]
[Source "ChessBase"]
[SourceDate "2019.09.30"]
[SourceVersion "1"]
[SourceVersionDate "2019.09.30"]
[SourceQuality "1"]

1. e4 c5 2. Nf3 d6 3. Nc3 Nc6 4. d4 cxd4 5. Nxd4 Nf6 6. Bg5 e6 7. Qd2 Be7 8. 0-0-0 0-0 9. f4 h6 10. Bh4 e5 11. Nf5 Bxf5 12. exf5 Qa5 13. Bc4 Qb4 14. Be2 Rac8 15. Rhf1 Rfe8 16. Kb1 Rcd8 17. a3 Ne4 18. Nxe4 Qxd2 19. Rxd2 Bxh4 20. Bb5 exf4 21. Rxf4 Bg5 22. Nxg5 hxg5 23. Rc4 d5 24. Rc5 Re1+ 25. Ka2 Ne7 26. Rc7 Nxf5 27. Rxb7 Nd6 28. Rd7 Rxd7 29. Bxd7 Ne4 30. Rxd5 Nf6 31. Rd2 Nxd7 32. Rxd7 Re2 33. g4 Rxc2 34. Rxa7 Rxh2 35. Rc7 Kh7 36. Rxf7 Rg2 37. Rc7 Rxg4 38. b4 Rg2+ 39. Kb3 Rg1 40. Rc2 g4 41. b5 Rb1+ 42. Kc4 g3 43. Rg2 Rc1+ 44. Kb4 1-0

[Event "GER MS-242 email"]
[Site "GER email"]
[Date "2016.06.27"]
[Round "?"]
[White "Kuehn, Juergen"]
[Black "Wuttke, Johannes"]
[Result "0-1"]
[WhiteElo "1993"]
[BlackElo "1937"]
[PlyCount "46"]
[EventDate "2016.07.04"]
[EventType "tourn (corr)"]
[EventRounds "6"]
[EventCountry "GER"]
[SourceTitle "Corr 2020"]
[Source "ChessBase"]
[SourceDate "2019.09.30"]
[SourceVersion "1"]
[SourceVersionDate "2019.09.30"]
[SourceQuality "1"]

1. d4 Nf6 2. c4 d6 3. Nf3 g6 4. Nc3 Bg7 5. e4 0-0 6. Be2 e5 7. Be3 exd4 8. Nxd4 Nc6 9. 0-0 Re8 10. f3 Nh5 11. Qd2 Nf4 12. Rf2 Nxd4 13. Bxd4 Be5 14. Rd1 Qf6 15. Bxe5 dxe5 16. Nd5 Nxd5 17. cxd5 Bd7 18. Bf1 Rac8 19. Qe1 Kg7 20. Rc2 Qb6+ 21. Kh1 a6 22. Qc3 Qd6 23. Qb3 Qb6 0-1

[Event "GER MS-242 email"]
[Site "GER email"]
[Date "2016.06.27"]
[Round "?"]
[White "Wuttke, Johannes"]
[Black "Jansen, Uwe"]
[Result "1/2-1/2"]
[WhiteElo "1937"]
[BlackElo "1960"]
[PlyCount "62"]
[EventDate "2016.07.04"]
[EventType "tourn (corr)"]
[EventRounds "6"]
[EventCountry "GER"]
[SourceTitle "Corr 2020"]
[Source "ChessBase"]
[SourceDate "2019.09.30"]
[SourceVersion "1"]
[SourceVersionDate "2019.09.30"]
[SourceQuality "1"]

1. Nf3 Nf6 2. g3 d5 3. Bg2 e6 4. 0-0 Be7 5. d4 0-0 6. c4 dxc4 7. Qc2 a6 8. a4 Bd7 9. Qxc4 Bc6 10. Bg5 Bd5 11. Qd3 Be4 12. Qe3 Nbd7 13. Nc3 Bc6 14. a5 h6 15. Bxf6 Nxf6 16. Rfd1 Nd5 17. Nxd5 exd5 18. Qb3 Bb5 19. e4 dxe4 20. Ne5 e3 21. Qxe3 c6 22. Be4 Bd6 23. Bc2 Qe7 24. f4 Rad8 25. Qe4 g6 26. Bb3 Kg7 27. Bxf7 Rxf7 28. Qxg6+ Kf8 29. Qxh6+ Kg8 30. Nxf7 Qe3+ 31. Kh1 Qf3+ 1/2-1/2

[Event "GER MS-242 email"]
[Site "GER email"]
[Date "2016.06.27"]
[Round "?"]
[White "Wuttke, Johannes"]
[Black "Reichelt, Holger"]
[Result "0-1"]
[WhiteElo "1937"]
[BlackElo "2031"]
[PlyCount "110"]
[EventDate "2016.07.04"]
[EventType "tourn (corr)"]
[EventRounds "6"]
[EventCountry "GER"]
[SourceTitle "Corr 2020"]
[Source "ChessBase"]
[SourceDate "2019.09.30"]
[SourceVersion "1"]
[SourceVersionDate "2019.09.30"]
[SourceQuality "1"]

1. Nf3 Nf6 2. g3 d5 3. Bg2 c6 4. 0-0 Bg4 5. d4 Nbd7 6. c4 e6 7. Qb3 Qb6 8. Nc3 Be7 9. Bf4 0-0 10. c5 Qa6 11. h3 Bh5 12. Qc2 b6 13. b4 Bg6 14. Qb2 Qb7 15. Qb3 a5 16. bxa5 Rxa5 17. a4 h6 18. Rfc1 Rfa8 19. Bf1 Bd8 20. e3 Ne4 21. Nxe4 Bxe4 22. Nd2 Bg6 23. cxb6 c5 24. Qc3 c4 25. Bg2 Qxb6 26. Nxc4 dxc4 27. Bxa8 Rxa8 28. Qxc4 Qb7 29. Qc6 Qxc6 30. Rxc6 Be4 31. Rcc1 Ba5 32. g4 Nf6 33. Bc7 Bd2 34. Rc5 Nd5 35. Bg3 Ra6 36. Rb5 Nc3 37. Rb8+ Kh7 38. Kh2 Ne2 39. Rb5 Ba5 40. h4 Bf3 41. Kh3 Bd5 42. h5 Bc3 43. Ra3 Ng1+ 44. Kh2 Nf3+ 45. Kg2 Ba5 46. Rxd5 Ne1+ 47. Kf1 exd5 48. Rb3 Nf3 49. Ke2 Nd2 50. Rb7 Ne4 51. Rxf7 Nxg3+ 52. fxg3 Bd8 53. Rd7 Bg5 54. Rxd5 Rxa4 55. Re5 Kg8 0-1

[Event "GER MS-242 email"]
[Site "GER email"]
[Date "2016.06.27"]
[Round "?"]
[White "Wuttke, Johannes"]
[Black "Schumacher, Frank"]
[Result "0-1"]
[WhiteElo "1937"]
[BlackElo "2020"]
[PlyCount "124"]
[EventDate "2016.07.04"]
[EventType "tourn (corr)"]
[EventRounds "6"]
[EventCountry "GER"]
[SourceTitle "Corr 2020"]
[Source "ChessBase"]
[SourceDate "2019.09.30"]
[SourceVersion "1"]
[SourceVersionDate "2019.09.30"]
[SourceQuality "1"]

1. Nf3 Nf6 2. g3 d5 3. Bg2 c6 4. 0-0 Bg4 5. d4 e6 6. c4 Nbd7 7. Qb3 Qb6 8. Nc3 Be7 9. c5 Qa6 10. Re1 b6 11. cxb6 axb6 12. e4 0-0 13. h3 Bxf3 14. Bxf3 dxe4 15. Nxe4 b5 16. Qc2 Nd5 17. Bg5 Rfd8 18. a3 Qa4 19. Qd3 Qa7 20. Bxe7 Nxe7 21. Qc3 Nb6 22. Red1 Nf5 23. Nc5 Rd6 24. g4 Nh4 25. Bh1 Ng6 26. Ne4 Rdd8 27. Qxc6 Nf4 28. Qxb5 Nxh3+ 29. Kh2 Nf4 30. Qg5 Ng6 31. Qe3 Nd5 32. Qg3 Ndf4 33. b4 Rac8 34. Bf3 Rc4 35. b5 Rdxd4 36. a4 Rxd1 37. Rxd1 h6 38. Rb1 Qxa4 39. b6 Rxe4 40. b7 Rb4 41. Bd1 Rxb7 42. Bxa4 Rxb1 43. Bc2 Rb5 44. Qc3 Nd5 45. Qc4 Rb4 46. Qc8+ Nf8 47. Kg3 g5 48. f3 Rd4 49. Be4 Nf6 50. Bb1 Rd5 51. Ba2 Ne4+ 52. fxe4 Rd3+ 53. Kf2 Rd2+ 54. Kf3 Rxa2 55. Qb8 Ra3+ 56. Kf2 Ra1 57. Qb2 Ra8 58. Kf3 Ng6 59. Kf2 Rd8 60. Ke3 e5 61. Qb5 Kg7 62. Qc6 Rd1 0-1

[Event "GER MS-229 email"]
[Site "GER email"]
[Date "2015.11.01"]
[Round "?"]
[White "Mueller, Achim"]
[Black "Wuttke, Johannes"]
[Result "1-0"]
[WhiteElo "2072"]
[BlackElo "1928"]
[PlyCount "85"]
[EventDate "2015.11.09"]
[EventType "tourn (corr)"]
[EventRounds "6"]
[EventCountry "GER"]
[SourceTitle "Corr 2022"]
[Source "ChessBase"]
[SourceDate "2021.10.24"]
[SourceVersion "1"]
[SourceVersionDate "2021.10.24"]
[SourceQuality "1"]

1. Nf3 Nf6 2. g3 d5 3. Bg2 g6 4. 0-0 Bg7 5. d4 0-0 6. c4 dxc4 7. Na3 c3 8. bxc3 c5 9. Re1 Nc6 10. Bb2 Qb6 11. Nc4 Qa6 12. Ncd2 Rd8 13. e4 cxd4 14. cxd4 Ng4 15. Bf1 b5 16. e5 Qb6 17. h3 Nh6 18. a4 bxa4 19. Bc3 Nf5 20. Qxa4 e6 21. Rec1 Bd7 22. Qd1 Be8 23. Rab1 Qc7 24. g4 Nfe7 25. Bb4 Nd5 26. Bc5 Rab8 27. Ra1 f6 28. Nc4 fxe5 29. dxe5 Qd7 30. Bd6 Rb7 31. Ncd2 Rb2 32. Ne4 h6 33. g5 Qf7 34. Ra3 a5 35. gxh6 Bxh6 36. Rc4 Rb6 37. Nh2 Bg7 38. Ng4 Qb7 39. Rc1 Kh8 40. Qd2 Qf7 41. Rxc6 Bxc6 42. Qg5 Rxd6 43. exd6 1-0

[Event "GER MS-228 email"]
[Site "GER email"]
[Date "2015.10.08"]
[Round "?"]
[White "Huber, Martin"]
[Black "Wuttke, Johannes"]
[Result "1/2-1/2"]
[WhiteElo "2092"]
[BlackElo "1941"]
[PlyCount "72"]
[EventDate "2015.10.16"]
[EventType "tourn (corr)"]
[EventRounds "6"]
[EventCountry "GER"]
[SourceTitle "Corr 2020"]
[Source "ChessBase"]
[SourceDate "2019.09.30"]
[SourceVersion "1"]
[SourceVersionDate "2019.09.30"]
[SourceQuality "1"]

1. Nf3 Nf6 2. c4 e6 3. g3 d5 4. b3 d4 5. Bg2 c5 6. e3 Nc6 7. exd4 cxd4 8. 0-0 Bd6 9. d3 h6 10. a3 a5 11. Re1 0-0 12. Nbd2 Re8 13. Qe2 e5 14. Ne4 Nxe4 15. Qxe4 Be6 16. Nd2 Qe7 17. Qe2 Qd7 18. Bf3 Nb8 19. g4 Nc6 20. Ne4 Be7 21. h3 f6 22. Ng3 Reb8 23. Be4 Ra6 24. f4 b5 25. Nf5 bxc4 26. Nxe7+ Nxe7 27. bxc4 f5 28. Bg2 Rb3 29. Qd1 a4 30. Rxe5 Kh7 31. h4 Ng6 32. Rxe6 Qxe6 33. gxf5 Qxf5 34. Be4 Qh3 35. h5 Qg3+ 36. Kf1 Qh3+ 1/2-1/2

[Event "GER MS-220 email"]
[Site "GER email"]
[Date "2015.06.16"]
[Round "?"]
[White "Gierden, Horst"]
[Black "Wuttke, Johannes"]
[Result "1-0"]
[WhiteElo "1996"]
[BlackElo "1934"]
[PlyCount "129"]
[EventDate "2015.06.26"]
[EventType "tourn (corr)"]
[EventRounds "6"]
[EventCountry "GER"]
[SourceTitle "Corr 2020"]
[Source "ChessBase"]
[SourceDate "2019.09.30"]
[SourceVersion "1"]
[SourceVersionDate "2019.09.30"]
[SourceQuality "1"]

1. e4 c5 2. Nf3 Nc6 3. d4 cxd4 4. Nxd4 e5 5. Nb5 d6 6. c4 Be7 7. N1c3 a6 8. Na3 Be6 9. Nc2 Nf6 10. Bd3 Rc8 11. Nd5 0-0 12. 0-0 Nd7 13. b4 Bg5 14. a3 Re8 15. g3 Bxc1 16. Rxc1 Nb6 17. Kg2 Ne7 18. Nce3 Nc6 19. f4 exf4 20. gxf4 Nd7 21. Kh1 Bxd5 22. Nxd5 Ne7 23. Ne3 Qb6 24. Qf3 a5 25. c5 dxc5 26. bxa5 Qxa5 27. Nc4 Qc7 28. e5 Rf8 29. Nd6 Rcd8 30. Qg2 Nb6 31. Be4 Rxd6 32. exd6 Qxd6 33. Qc2 f5 34. Bxb7 c4 35. a4 Qd7 36. Bf3 Qxa4 37. Qxa4 Nxa4 38. Rfe1 Ng6 39. Rxc4 Nb6 40. Rc7 Rd8 41. Rb1 Rd7 42. Rc6 Nd5 43. Bxd5+ Rxd5 44. Rc8+ Kf7 45. Rc7+ Ke6 46. Rb6+ Rd6 47. Rxd6+ Kxd6 48. Rxg7 Ke6 49. Rxh7 Nxf4 50. h3 Kf6 51. Kh2 Kg6 52. Ra7 Kg5 53. Ra4 Nh5 54. Kg2 Nf4+ 55. Kf3 Nh5 56. h4+ Kg6 57. Ra6+ Kg7 58. Ke3 Kf7 59. Kd4 Nf4 60. Rd6 Kg7 61. Ke5 Ng6+ 62. Kxf5 Nxh4+ 63. Kg5 Nf3+ 64. Kg4 Ne5+ 65. Kf5 1-0

[Event "GER MS-220 email"]
[Site "GER email"]
[Date "2015.06.16"]
[Round "?"]
[White "Hoebel, Hartmut"]
[Black "Wuttke, Johannes"]
[Result "1/2-1/2"]
[WhiteElo "2054"]
[BlackElo "1934"]
[PlyCount "70"]
[EventDate "2015.06.26"]
[EventType "tourn (corr)"]
[EventRounds "6"]
[EventCountry "GER"]
[SourceTitle "Corr 2020"]
[Source "ChessBase"]
[SourceDate "2019.09.30"]
[SourceVersion "1"]
[SourceVersionDate "2019.09.30"]
[SourceQuality "1"]

1. d4 Nf6 2. c4 e6 3. Nc3 Bb4 4. e3 0-0 5. Nf3 c5 6. Bd3 d5 7. 0-0 Nc6 8. a3 Bxc3 9. bxc3 Qc7 10. cxd5 exd5 11. h3 c4 12. Bc2 Re8 13. Nd2 Qa5 14. Rb1 h6 15. Bb2 Ne7 16. Qf3 Bd7 17. e4 dxe4 18. Nxe4 Nxe4 19. Bxe4 Bf5 20. Bxf5 Nxf5 21. Bc1 b6 22. Rb4 Rac8 23. Rd1 Nh4 24. Qg4 Ng6 25. d5 Ne5 26. Qg3 Rcd8 27. Bxh6 Ng6 28. Be3 Rxd5 29. Rd4 Rxd4 30. Bxd4 Qxa3 31. Rxc4 Qf8 32. f3 Ne7 33. Bf2 Rc8 34. Ra4 Nc6 35. Re4 Re8 1/2-1/2

[Event "GER MS-214 email"]
[Site "GER email"]
[Date "2015.03.07"]
[Round "?"]
[White "Jahn, Peter"]
[Black "Wuttke, Johannes"]
[Result "1/2-1/2"]
[WhiteElo "1948"]
[BlackElo "1934"]
[PlyCount "65"]
[EventDate "2015.03.16"]
[EventType "tourn (corr)"]
[EventRounds "6"]
[EventCountry "GER"]
[SourceTitle "Corr 2020"]
[Source "ChessBase"]
[SourceDate "2019.09.30"]
[SourceVersion "1"]
[SourceVersionDate "2019.09.30"]
[SourceQuality "1"]

1. d4 Nf6 2. Nf3 d5 3. c4 e6 4. g3 dxc4 5. Bg2 Nc6 6. Qa4 Bb4+ 7. Bd2 Nd5 8. Bxb4 Ndxb4 9. 0-0 Rb8 10. Na3 a6 11. Ne5 0-0 12. Nxc6 Nxc6 13. Bxc6 bxc6 14. Nxc4 Qxd4 15. Rfd1 Qe4 16. Rd2 Rb5 17. Rc1 e5 18. b3 h6 19. Nb2 Qxa4 20. Nxa4 Rd5 21. Rxd5 cxd5 22. Rxc7 Bg4 23. f3 Rc8 24. Rc5 Be6 25. Kf2 f6 26. Ra5 Rc6 27. h4 Kf8 28. Nc5 Bc8 29. Nd3 d4 30. Ke1 Ke7 31. f4 exf4 32. gxf4 Bg4 33. Nc5 1/2-1/2

[Event "GER MS-214 email"]
[Site "GER email"]
[Date "2015.03.07"]
[Round "?"]
[White "Krumm, Guenther"]
[Black "Wuttke, Johannes"]
[Result "1/2-1/2"]
[WhiteElo "2021"]
[BlackElo "1934"]
[PlyCount "70"]
[EventDate "2015.03.16"]
[EventType "tourn (corr)"]
[EventRounds "6"]
[EventCountry "GER"]
[SourceTitle "Corr 2020"]
[Source "ChessBase"]
[SourceDate "2019.09.30"]
[SourceVersion "1"]
[SourceVersionDate "2019.09.30"]
[SourceQuality "1"]

1. d4 Nf6 2. c4 e6 3. Nf3 b6 4. g3 Ba6 5. b3 Bb4+ 6. Bd2 Be7 7. Bg2 c6 8. 0-0 d5 9. Ne5 0-0 10. Bc3 Nfd7 11. Nxd7 Nxd7 12. Nd2 Rc8 13. e4 b5 14. Re1 bxc4 15. bxc4 dxc4 16. Qa4 Bb5 17. Qc2 Re8 18. a4 Ba6 19. Bf1 c5 20. d5 exd5 21. exd5 Bf6 22. Nxc4 Bxc4 23. Rxe8+ Qxe8 24. Bxc4 Bxc3 25. Qxc3 Qe5 26. Rc1 Qd6 27. Rb1 g6 28. Rb7 Rc7 29. Rb5 Rc8 30. Kg2 Rb8 31. Ra5 Qc7 32. Bb5 Ne5 33. Be2 Nd7 34. h4 Rb4 35. Ra6 Nb8 1/2-1/2

[Event "GER MS-213 email"]
[Site "GER email"]
[Date "2015.02.02"]
[Round "?"]
[White "Pachnicke, Harald"]
[Black "Wuttke, Johannes"]
[Result "0-1"]
[WhiteElo "1846"]
[BlackElo "1934"]
[PlyCount "124"]
[EventDate "2015.02.13"]
[EventType "tourn (corr)"]
[EventRounds "6"]
[EventCountry "GER"]
[SourceTitle "Corr 2020"]
[Source "ChessBase"]
[SourceDate "2019.09.30"]
[SourceVersion "1"]
[SourceVersionDate "2019.09.30"]
[SourceQuality "1"]

1. e4 e5 2. Nf3 Nf6 3. Nxe5 d6 4. Nf3 Nxe4 5. d4 d5 6. Bd3 Be7 7. 0-0 Nc6 8. Re1 Bg4 9. c4 Nf6 10. Nc3 Bxf3 11. Qxf3 Nxd4 12. Qd1 dxc4 13. Bxc4 c5 14. Qa4+ Qd7 15. Qxd7+ Kxd7 16. Bg5 h6 17. Bh4 Rad8 18. f3 Rhf8 19. Nb5 Ng8 20. Bf2 Bf6 21. Nxa7 Kc7 22. a4 Kb6 23. Nb5 Nxb5 24. axb5 Bxb2 25. Rab1 Bd4 26. Rbc1 Bxf2+ 27. Kxf2 Rd2+ 28. Kg1 Rd7 29. h4 Ne7 30. g4 Nc8 31. h5 Rfd8 32. Kf2 Rc7 33. Re5 Rd4 34. Be2 Nd6 35. Bf1 Rb4 36. g5 c4 37. f4 c3 38. Rd5 Nxb5 39. f5 hxg5 40. f6 gxf6 41. h6 Rc8 42. h7 Rh8 43. Bd3 Rf4+ 44. Kg2 Nc7 45. Rd7 Kc6 46. Rxf7 Nd5 47. Kg3 b5 48. Re1 b4 49. Re6+ Kc5 50. Bc2 Rh4 51. Rd7 Rh3+ 52. Kg4 R3xh7 53. Bxh7 b3 54. Re1 c2 55. Bf5 Rh4+ 56. Kg3 Rd4 57. Rc1 Rd2 58. Rb7 Kc4 59. Rb8 Kc3 60. Bh7 Ne3 61. Re8 Nc4 62. Rc8 b2 0-1

[Event "GER-ch 2014-D-V8 serv"]
[Site "GER email"]
[Date "2014.09.29"]
[Round "?"]
[White "Wuttke, Johannes"]
[Black "Reichenbach, Erhard"]
[Result "1-0"]
[WhiteElo "1960"]
[BlackElo "2116"]
[PlyCount "29"]
[EventDate "2014.10.06"]
[EventType "tourn (corr)"]
[EventRounds "6"]
[EventCountry "GER"]
[SourceTitle "Corr 2020"]
[Source "ChessBase"]
[SourceDate "2019.09.30"]
[SourceVersion "1"]
[SourceVersionDate "2019.09.30"]
[SourceQuality "1"]

1. Nf3 c5 2. g3 Nc6 3. Bg2 e5 4. c4 g6 5. Nc3 Bg7 6. 0-0 Nge7 7. d3 d6 8. Rb1 0-0 9. a3 a5 10. Bd2 Rb8 11. Nb5 d5 12. cxd5 Nxd5 13. Qb3 Nc7 14. Nxc7 Qxc7 15. Rbc1 1-0

[Event "GER-ch 2014-D-V8 serv"]
[Site "GER email"]
[Date "2014.09.29"]
[Round "?"]
[White "Wuttke, Johannes"]
[Black "Traut, Gerhard"]
[Result "1/2-1/2"]
[WhiteElo "1960"]
[BlackElo "2005"]
[PlyCount "63"]
[EventDate "2014.10.06"]
[EventType "tourn (corr)"]
[EventRounds "6"]
[EventCountry "GER"]
[SourceTitle "Corr 2020"]
[Source "ChessBase"]
[SourceDate "2019.09.30"]
[SourceVersion "1"]
[SourceVersionDate "2019.09.30"]
[SourceQuality "1"]

1. Nf3 d5 2. g3 Nf6 3. Bg2 c6 4. 0-0 Bg4 5. d4 Nbd7 6. c4 e6 7. cxd5 exd5 8. Qb3 Qb6 9. Qe3+ Be7 10. Nc3 Be6 11. Ng5 Bf5 12. b3 Qa5 13. Nf3 h6 14. Nh4 Ng4 15. Qd2 Bg5 16. Qe1 Bxh4 17. e4 0-0 18. exf5 Rfe8 19. Qd2 Bg5 20. Qd3 Bxc1 21. Raxc1 Ngf6 22. Bf3 Re7 23. Rfe1 Rae8 24. Rxe7 Rxe7 25. Kg2 Ne8 26. Rb1 Qb4 27. Bxd5 cxd5 28. Nxd5 Qd6 29. Nxe7+ Qxe7 30. Rc1 Ndf6 31. Qe3 Qd8 32. Qe5 1/2-1/2